| 000 | 01247cam a2200337 a 4500 | ||
|---|---|---|---|
| 001 | 2976885 | ||
| 003 | OSt | ||
| 005 | 20250901165759.0 | ||
| 008 | 920407s1992 mnu 000 1 eng | ||
| 010 | _a 92015197 | ||
| 020 |
_a1556612273 : _c$7.99 |
||
| 040 |
_aDLC _cDLC _dDLC _dOCoLC _dDLC |
||
| 043 |
_an-us--- _an-us-ca |
||
| 050 | 0 | 0 |
_aPS 3566 .H492 S4 1992 _bS4 1992 |
| 082 | 0 | 0 |
_a813/.54 _220 |
| 100 | 1 |
_aPhillips, Michael R., _d1946- |
|
| 245 | 1 | 0 |
_aSea to shining sea / _cMichael Phillips. |
| 260 |
_aMinneapolis, Minn. : _bBethany House, _cc1992. |
||
| 300 |
_a320 p. ; _c21 cm. |
||
| 490 | 1 |
_aThe Journals of Corrie Belle Hollister ; _v5 |
|
| 650 | 0 |
_aHollister, Corrie Belle (Fictitious character) _vFiction. |
|
| 650 | 0 |
_aWomen journalists _xFiction. |
|
| 651 | 0 |
_aCalifornia _xHistory _yCivil War, 1861-1865 _xFiction. |
|
| 655 | 7 |
_aHistorical fiction. _2gsafd |
|
| 655 | 7 |
_aChristian fiction. _2lcsh |
|
| 655 | 7 |
_aWar stories. _2gsafd |
|
| 800 | 1 |
_aPhillips, Michael R., _d1946- _tJournals of Corrie Belle Hollister ; _v5. |
|
| 906 |
_a7 _bcbc _corignew _d1 _eocip _f19 _gy-gencatlg |
||
| 942 |
_2lcc _cBK |
||
| 999 |
_c9178 _d9178 |
||